Państwa* z flagami Wielkiej Brytanii. - Statystyki

Ogólne statystyki
  • Ten quiz został rozwiązany 7 razy
  • Średni wynik to 7 z 16
Statystyki odpowiedzi
Obrazkowy Odpowiedź % Poprawnych
Wielka Brytania
100%
Australia
86%
Fidżi
86%
Nowa Zelandia
86%
Tuvalu
71%
Hawaje
43%
Bermudy
29%
Brytyjskie Terytorium Oceanu Indyjskiego
29%
Brytyjskie Wyspy Dziewicze
29%
Falklandy
29%
Niue
29%
Wyspy Cooka
29%
Kajmany
14%
Brytyjskie Terytorium Antraktydy
0%
Kolumbia Brytyjska
0%
Monsterrat
0%
Nie znaleziono quizów pasujących do podanych kryteriów
Rozkład punktacji
Procent ludzi z każdym wynikiem
Percentyl według liczby udzielonych odpowiedzi
Twoja historia wyników
Nie rozwiązałeś tego quizu